00484 a2200145 4500003000400000005001700004008004100021020001800062040000900080082002200089100002500111245015900136260003300295300001000328OSt20231102140635.0231102b |||||||| |||| 00| 0 eng d a9789380081984 coclc a297.095483bPRA/M1 aPrange, Sebastian R. aMansoon Islam: Madhyakaala Malabar Theerathe Vyaparavum Vishwasavum =bMonsoon Islam : trade and faith on the medieval Malabar Coast /cSebastian R Prange aKerala:bOther Books,c2021. a486 p